| 000 | 00981cam a22003015a 4500 | ||
|---|---|---|---|
| 001 | 15510783 | ||
| 005 | 20170724113605.0 | ||
| 008 | 081104s2008 enka fr f001 0 eng d | ||
| 020 | _a9780199534395 (bk. & CDs) | ||
| 020 | _a9780198602958 | ||
| 040 |
_aDLC _cDLC _beng _dEG-ScBUE |
||
| 041 | 0 |
_aeng _ager |
|
| 082 | 0 | 4 |
_a438.2421 _222 _bSCH |
| 100 | 1 | _aSchommartz, Heike. | |
| 245 | 1 | 0 |
_aOxford take off in German / _cHeike Schommartz and Andrea Reitz. |
| 246 | 3 | 0 | _aTake off in German |
| 250 | _a2nd ed. | ||
| 260 |
_aOxford ; _aNew York : _bOxford University Press, _c2008. |
||
| 300 |
_aviii, 248 p. : _bill. ; _c20 cm. + _e4 sound discs (digital ; 4 3/4 in.) |
||
| 500 | _aBook and 4 CDs issued in container. | ||
| 500 | _aIncludes index. | ||
| 650 | 7 |
_aGerman language _xGrammar. _2BUEsh |
|
| 650 | 7 |
_aGerman language _vTextbooks for foreign speakers _xEnglish. _2BUEsh |
|
| 651 | _2BUEsh | ||
| 653 |
_bHHUUEENN _cJuly2017 |
||
| 700 | 1 | _aReitz, Andrea. | |
| 942 | _2ddc | ||
| 999 |
_c25062 _d25034 |
||